=LDR 00000nam 2200000 4500 =001 INLIS000000000020019 =005 20130612115021 =008 ***********************************Ind** =035 ##$$0010-061300000020019 =041 ##$$a Ind =082 ##$$a 639.31 =090 ##$$a 639.31, Isk m =100 ##$$a Iskandar, M. Sitanggang =245 ##$$a M dan merawat maskoki impor berkualitas, Iskandar M. Sitanggang =260 ##$$a 2003 $b Jakarta =300 ##$$a viii, 51 hlm, ilus, 24 cm =650 ##$$a Koki (ikan)-pemeliharaan =850 ##$$a NBPNMAT